01586nam a2200385 a 4500001001000000003000500010005001700015008004100032010001100073011001100084040000900095090001000104100004900114245012900163260004100292500006000333502007500393590003700468590004000505590004000545590004000585590004000625650004000665650003300705650003600738650003200774856001600806856007000822901000700892942001000899942000600909999001900915952013100934952013501065000113473CHAP20220329144356.0170629s2017 mx a fsm |||||||spa d a109934 a110906 cCHAP aTesis1 aAlegría Hernández, Faustino Hugo913278110aEfecto de xenia sobre la capacidad de reventado de maíz palomero /h[En línea]cpor Faustino Hugo Alegría Hernández. aChapingo, Méx. :bEl autor,c2017. aPara ver el contenido del material haga clic en la liga aTesis (Ing. en Agroecología) -- UACH. Departamento de Agroecología aBATCHb00c20181121lUCH01h0758 aE8697GMMb05c20170629lUCH01h1233 aE8697GMMb05c20170629lUCH01h1343 aE8697GMMb05c20170629lUCH01h1345 aE8697GMMb05c20170629lUCH01h134614aMaíz palomeroxVariedades.97112514aMaízxCruzamiento.913278314aMaízxPolinización.913278214aPolenxMorfología.990211 a1 n0000201 aFinding aiduhttp://10.13.5.2/tesis/sist113473.pdfzTeclea aquí aBK cTESIS n0 c109934d109934 00104054718TESISaBCbBCd2017-06-29fTESISl0oTesisp113475-10r2019-12-31 00:00:00w2019-12-31yTESISzRecien adquirido 00102local4053708TESISaBCbBCcPA_TESISd2017-06-29fTESISl0oTesisp113475-20r2019-12-31 00:00:00tc.2w2019-12-31yTESIS